<?xml version="1.0" encoding="UTF-8"?>
<collection xmlns="http://www.loc.gov/MARC21/slim">
 <record>
  <leader>00730pamaa2200229   4500</leader>
  <controlfield tag="001">0000050879</controlfield>
  <controlfield tag="005">20121212090000.0</controlfield>
  <controlfield tag="008">121212s2008                             eng  </controlfield>
  <datafield tag="020" ind1="0" ind2="0">
   <subfield code="a">0849375290 / 9780849375293 </subfield>
  </datafield>
  <datafield tag="090" ind1="0" ind2="0">
   <subfield code="a">QR115 </subfield>
   <subfield code="b">RAY 2008</subfield>
  </datafield>
  <datafield tag="100" ind1="1" ind2="0">
   <subfield code="a">Ray </subfield>
  </datafield>
  <datafield tag="245" ind1="1" ind2="0">
   <subfield code="a">Fundamental food microbiology  </subfield>
   <subfield code="c">Bibek Ray, Arun Bhunia.</subfield>
  </datafield>
  <datafield tag="250" ind1="0" ind2="0">
   <subfield code="a">4th ed.</subfield>
  </datafield>
  <datafield tag="260" ind1="0" ind2="0">
   <subfield code="a">Boca Raton, FL: </subfield>
   <subfield code="b">CRC/Taylor &amp; Francis, </subfield>
   <subfield code="c">2008.</subfield>
  </datafield>
  <datafield tag="300" ind1=" " ind2=" ">
   <subfield code="a">492 p.: </subfield>
   <subfield code="b">ill.; </subfield>
   <subfield code="c">26 cm.</subfield>
  </datafield>
  <datafield tag="501" ind1="0" ind2="0">
   <subfield code="a">FHLS</subfield>
  </datafield>
  <datafield tag="504" ind1="0" ind2="0">
   <subfield code="a">Includes bibliographical references and index</subfield>
  </datafield>
  <datafield tag="650" ind1="0" ind2="0">
   <subfield code="a">Food -- </subfield>
   <subfield code="x">Microbiology. </subfield>
  </datafield>
  <datafield tag="650" ind1="0" ind2="0">
   <subfield code="a">Food Microbiology. </subfield>
  </datafield>
  <datafield tag="650" ind1="0" ind2="0">
   <subfield code="a">Food Poisoning -- </subfield>
   <subfield code="x">prevention &amp; control. </subfield>
  </datafield>
  <datafield tag="700" ind1="1" ind2="1">
   <subfield code="a">Bhunia, </subfield>
   <subfield code="h">Arun K. </subfield>
  </datafield>
  <datafield tag="901" ind1=" " ind2=" ">
   <subfield code="u">http://www.crcpress.com</subfield>
  </datafield>
 </record>
</collection>
